Project management: A complete package for a one day training workshop (Record no. 2231)

MARC details
000 -LEADER
fixed length control field 00461nam a2200157Ia 4500
008 - FIXED-LENGTH DATA ELEMENTS--GENERAL INFORMATION
fixed length control field 130318s9999 xx 000 0 und d
020 ## - INTERNATIONAL STANDARD BOOK NUMBER
International Standard Book Number 817554192X
082 ## - DEWEY DECIMAL CLASSIFICATION NUMBER
Classification number 658.404 DAV/P
100 ## - MAIN ENTRY--PERSONAL NAME
Personal name Davies, Michael
245 ## - TITLE STATEMENT
Title Project management: A complete package for a one day training workshop
260 ## - PUBLICATION, DISTRIBUTION, ETC.
Name of publisher, distributor, etc. Kogan Page India Ltd.
Place of publication, distribution, etc. New Delhi
Date of publication, distribution, etc. 2011
300 ## - PHYSICAL DESCRIPTION
Extent 69
440 ## - SERIES STATEMENT/ADDED ENTRY--TITLE
Title Training workshop Library
650 ## - SUBJECT ADDED ENTRY--TOPICAL TERM
Topical term or geographic name entry element MANAGEMENT
650 ## - SUBJECT ADDED ENTRY--TOPICAL TERM
Topical term or geographic name entry element MANAGEMENT-PROJECT
Holdings
Withdrawn status Lost status Damaged status Not for loan Collection code Home library Current library Shelving location Date acquired Cost, normal purchase price Total Checkouts Full call number Barcode Date last seen Price effective from Koha item type
        Project Management Kerala University of Digital Sciences, Innovation and Technology Knowledge Centre Kerala University of Digital Sciences, Innovation and Technology Knowledge Centre Management 18/03/2013 146.00   658.404 DAV/P 2248 18/03/2013 18/03/2013 Books